00514nam a2200181Ia 4500003000400000005001700004008004100021020001800062040000600080041001200086082002300098100002900121245011800150250001600268260003100284300000800315440000900323OSt20240926101056.0240126s9999 xx 000 0 und d a9788171773442 c0 aEnglish a343.5407 ROY;1 R aRoy, Abir. Jayant Kumar. 0aCompetition law in India : a comprehensive guide to understanding the development of the competition law in India a2nd rev ed. bEastern Law hosueaKolkata a769 aNULL